Southville International School and Colleges
Your cart is empty.
  • Cart
  • Lists
    Public lists Eva Luna New books Lux_list list_1
    Your lists Log in to create your own lists
  • Log in to your account
  • Your cookies
  • Search history
Southville International School and Colleges
  • Advanced search
  • Recent comments
  • Most popular
  • Libraries

Log in to your account

Log in with GOOGLE


If you do not have an external account, but do have a local account, you can still log in:

  1. Home
  2. MARC view: Paddington's opposites /
Normal view MARC view ISBD view

Paddington's opposites / (Record no. 103432)

[ view plain ]
MARC details
000 -LEADER
fixed length control field 00596nam a2200169 a 4500
005 - DATE AND TIME OF LATEST TRANSACTION
control field 20140412111302.0
008 - FIXED-LENGTH DATA ELEMENTS--GENERAL INFORMATION
fixed length control field 010502s19uu xx 00 eng d
020 ## - INTERNATIONAL STANDARD BOOK NUMBER
International Standard Book Number 0-14-055765-2
050 ## - LIBRARY OF CONGRESS CALL NUMBER
Classification number TR(PS E
Item number Pa13 1990
100 ## - MAIN ENTRY--PERSONAL NAME
Personal name Bond, Michael
245 ## - TITLE STATEMENT
Title Paddington's opposites /
Statement of responsibility, etc by Michael Bond; illustrated by John Lobban.
260 ## - PUBLICATION, DISTRIBUTION, ETC. (IMPRINT)
Place of publication, distribution, etc U. S. A :
Name of publisher, distributor, etc Puffin Books,
Date of publication, distribution, etc 1990.
300 ## - PHYSICAL DESCRIPTION
Extent 1v. (unp.) ; ill.
520 ## - SUMMARY, ETC.
Summary, etc Paddington Bear show young children that learning about opposites can be fun with a helping paw and a marmalade sandwich or two.
650 ## - SUBJECT ADDED ENTRY--TOPICAL TERM
Topical term or geographic name as entry element Opposites
Holdings
Withdrawn status Lost status Damaged status Home library Current library Shelving location Date acquired Source of acquisition Cost, normal purchase price Total Checkouts Full call number Barcode Date last seen Price effective from Koha item type
      Elizalde Library Elizalde Library Teachers Reference Section 05/02/2001   119.00   TR(PS E Pa13 1990 E4812 04/12/2014 04/12/2014 Books

Paddington's opposites /

APA

Bond M., . (1990). Paddington's opposites. U. S. A: Puffin Books.

Chicago

Bond Michael, . 1990. Paddington's opposites. U. S. A: Puffin Books.

Harvard

Bond M., . (1990). Paddington's opposites. U. S. A: Puffin Books.

MLA

Bond Michael, . Paddington's opposites. U. S. A: Puffin Books. 1990.

  • Place hold
  • Print
  • Cite
  • Add to your cart (remove)
  • Save record
    BIBTEX Dublin Core MARCXML MARC (non-Unicode/MARC-8) MARC (Unicode/UTF-8) MARC (Unicode/UTF-8, Standard) MODS (XML) RIS
  • More searches
    Search for this title in:
    Other Libraries (WorldCat) Other Databases (Google Scholar) Online Stores (Bookfinder.com) Open Library (openlibrary.org)

Exporting to Dublin Core...

SOUTHVILLE LIBRARY

Southville International School and Colleges Library

1281 Tropical Ave. Cor. Luxembourg St., BF Homes International, Las Pinas City

Tel. No. 8256374 / 252358 Loc. 117/146

Powered by Koha